000 00461nam a2200181 i 4500
001 95326
003 ES-MaACL
005 20230906181700.0
007 t|
008 050526s1910 fr ||||1| fre d
100 1 _aLuz, Fabio.
_974898
245 1 0 _aVirgem-Mèae; Sergio; Chloé /
_cFabio Luz.
260 _aParis :
_b[s.n.],
_c1910 (
_fH. Garnier)
300 _aX, 192 p. ;
_c18 cm.
740 0 _aSergio.
740 0 _aChloé.
852 _aES-MaACL
_jB-13489
999 _c95326
_d95326